[Event "AUT-ch U10"]
[Site "St Kanzian"]
[Date "2017.06.17"]
[Round "6.2"]
[White "Shi, William1111"]
[Black "Loretz, Jonas"]
[Result "1-0"]
[WhiteElo "1453"]
[BlackElo "1222"]
[PlyCount "57"]
[EventDate "2017.06.16"]
[EventType "swiss"]
[EventRounds "7"]
[EventCountry "AUT"]
[SourceTitle "EXT 2024"]
[Source "ChessBase"]
[SourceDate "2023.10.10"]
[SourceVersion "1"]
[SourceVersionDate "2023.10.10"]
[SourceQuality "1"]

1. e4 e5 2. Nf3 Nc6 3. Bc4 Nf6 4. Ng5 d5 5. exd5 Na5 6. Bb5+ c6 7. dxc6 bxc6 8. Be2 Be7 9. Nc3 0-0 10. 0-0 Rb8 11. b3 Bf5 12. Nf3 Rb4 13. Nxe5 Qc7 14. Nf3 Re8 15. Re1 Bd6 16. Ba3 Rbb8 17. Bxd6 Qxd6 18. d4 Bg4 19. h3 Bh5 20. Ne5 c5 21. Bxh5 cxd4 22. Bxf7+ Kh8 23. Bxe8 Rxe8 24. Nf7+ Kg8 25. Nxd6 Rxe1+ 26. Qxe1 dxc3 27. Qe6+ Kh8 28. Qc8+ Ng8 29. Nf7# 1-0

[Event "AUT-ch U10"]
[Site "St Kanzian"]
[Date "2017.06.16"]
[Round "2.1"]
[White "Loretz, Jonas"]
[Black "Wendl, Philipp"]
[Result "0-1"]
[WhiteElo "1222"]
[BlackElo "1269"]
[PlyCount "95"]
[EventDate "2017.06.16"]
[EventType "swiss"]
[EventRounds "7"]
[EventCountry "AUT"]
[SourceTitle "EXT 2024"]
[Source "ChessBase"]
[SourceDate "2023.10.10"]
[SourceVersion "1"]
[SourceVersionDate "2023.10.10"]
[SourceQuality "1"]

1. e4 e5 2. Nf3 Nc6 3. Nc3 Nf6 4. Bb5 Bb4 5. 0-0 0-0 6. d3 d6 7. Bg5 Bxc3 8. bxc3 Qe7 9. h3 Nd8 10. Re1 Ne6 11. Bh4 c6 12. Bc4 Nf4 13. Ng5 Ng6 14. Bg3 d5 15. exd5 cxd5 16. Bb3 Rd8 17. d4 e4 18. c4 h6 19. Nf3 dxc4 20. Bxc4 Qb4 21. Nd2 Rxd4 22. Re2 Bf5 23. Rc1 Qc3 24. Qe1 Rad8 25. Rd1 Qxc2 26. Bb3 Qc3 27. Kh2 Qc6 28. Rc1 Qe8 29. Rc7 R8d7 30. Nf3 Rd3 31. Ba4 Qd8 32. Ng1 Rxc7 33. Bxc7 Qxc7+ 34. g3 Nh4 35. Re3 Rxe3 36. Qxe3 Nf3+ 37. Nxf3 exf3 38. Qxf3 Be4 39. Qd1 Qc5 40. Qe2 Qd4 41. f3 Qxa4 42. fxe4 Qxe4 43. Qb5 Qc2+ 44. Kg1 Ne4 45. Qf1 Qxa2 46. Qf3 Qf2+ 47. Qxf2 Nxf2 48. Kxf2 0-1

[Event "AUT-ch U10"]
[Site "St Veit"]
[Date "2016.05.28"]
[Round "6.12"]
[White "Hofstadler, Mario"]
[Black "Loretz, Jonas"]
[Result "1/2-1/2"]
[WhiteElo "1088"]
[BlackElo "1018"]
[PlyCount "100"]
[EventDate "2016.05.27"]
[EventType "swiss"]
[EventRounds "7"]
[EventCountry "AUT"]
[SourceTitle "EXT 2024"]
[Source "ChessBase"]
[SourceDate "2023.10.10"]
[SourceVersion "1"]
[SourceVersionDate "2023.10.10"]
[SourceQuality "1"]

1. d4 Nf6 2. Bf4 e6 3. e3 c5 4. c3 Be7 5. Nf3 Nc6 6. Bd3 b6 7. Nbd2 Bb7 8. 0-0 Nh5 9. g3 Nxf4 10. exf4 0-0 11. Nb3 d5 12. Be2 a5 13. Qd2 a4 14. Nc1 c4 15. Ne5 b5 16. a3 f6 17. Nxc6 Bxc6 18. Bg4 f5 19. Bf3 Rf6 20. Ne2 Rh6 21. Rfe1 Bh4 22. Nc1 Be7 23. Re3 Qf8 24. Re1 Qf7 25. Qe2 Bd7 26. Qd2 Ra6 27. Kg2 Rc6 28. Kg1 Ra6 29. Kh1 Rb6 30. Kg1 Rc6 31. Kh1 Rb6 32. Kg2 Bc8 33. Kg1 Bd7 34. Kh1 Bc8 35. Kg2 Bd7 36. Kh1 Bc8 37. Kg1 Bd7 38. Kh1 Bc8 39. Kg2 Bd7 40. Kh1 Bc8 41. Kg1 Bd7 42. Bd1 Bc8 43. Bf3 Rb7 44. Bd1 Rb6 45. Bf3 Rb7 46. Re2 Rb6 47. Re1 Rb7 48. Re5 Rb6 49. Re1 Rb7 50. Rf1 Rb6 1/2-1/2